书目信息 |
| 题名: |
黎东方讲史
|
|
| 作者: | 黎东方, 著 | |
| 分册: | 细说清朝 | |
| 出版信息: | 上海 上海人民出版社 2007.04 |
|
| 页数: | 557页 | |
| 开本: | 23cm | |
| 丛书名: | ||
| 单 册: | ||
| 中图分类: | K249.09 | |
| 科图分类: | ||
| 主题词: | 古代史--gu dai shi--中国--清代--通俗读物 | |
| 电子资源: | ||
| ISBN: | 978-7-208-06799-8 | |
| 000 | 00884nam0 2200241 450 | |
| 001 | 012007710519 | |
| 005 | 20070924152953.56 | |
| 010 | @a978-7-208-06799-8@dCNY45.00 | |
| 100 | @a20070817d2007 km y0chiy0120 ea | |
| 101 | 0 | @achi |
| 102 | @aCN@b310000 | |
| 105 | @aac z 000yy | |
| 200 | 1 | @a黎东方讲史@Ali dong fang jiang shi@i细说清朝@f黎东方著@Fli dong fang zhu |
| 210 | @a上海@c上海人民出版社@d2007.04 | |
| 215 | @a557页@c图, 肖像@d23cm | |
| 330 | @a本书讲述了努尔哈赤报仇、建立汗国、南征朝鲜、西征察哈尔、对俄和战、出兵西藏等历史事件,以及洪秀全、杨秀清、曾国藩、杜文秀、李鸿章、蒲安臣等历史人物。 | |
| 517 | 1 | @a细说清朝@Axi shuo qing chao |
| 606 | 0 | @a古代史@Agu dai shi@y中国@z清代@j通俗读物 |
| 607 | @a中国@Azhong guo@x历史@j通俗读物 | |
| 690 | @aK249.09@v4 | |
| 701 | 0 | @a黎东方,@Ali dong fang@f1906- @4著 |
| 801 | 0 | @aCN@bQSSK@c20070924 |
| 905 | @dK249.09@eL105 | |
| 黎东方讲史.细说清朝/黎东方著.-上海:上海人民出版社,2007.04 |
| 557页:图, 肖像;23cm |
| ISBN 978-7-208-06799-8:CNY45.00 |
| 本书讲述了努尔哈赤报仇、建立汗国、南征朝鲜、西征察哈尔、对俄和战、出兵西藏等历史事件,以及洪秀全、杨秀清、曾国藩、杜文秀、李鸿章、蒲安臣等历史人物。 |
| ● |
| 相关链接 |
|
|
|
正题名:黎东方讲史
索取号:K249.09/L105
 
预约/预借
| 序号 | 登录号 | 条形码 | 馆藏地/架位号 | 状态 | 备注 |
| 1 | 257576 | 202575766 | 社科库309/309社科库 34排7列6层/ [索取号:K249.09/L105] | 在馆 | |
| 2 | 257577 | 202575775 | 社科库309/309社科库 34排7列6层/ [索取号:K249.09/L105] | 在馆 |